00000000nam 2200000za 4500
0019.848201
003CaOODSP
00520221107153622
007cr |||||||||||
008171201s2018    onca    o    f000 0 fre d
020 |a9780660240978|z9780660240985
040 |aCaOODSP|bfre
043 |an-cn---
0861 |aNR16-188/2017F-PDF
1102 |aConseil national de recherches Canada.
24510|aInstallation préclinique in vivo |h[ressource électronique].
260 |a[Ottawa] : |bConseil national de recherches Canada, |c2018.
300 |a[2] p. : |bill. en coul.
500 |aPubl. aussi en anglais sous le titre : Preclinical in vivo facility.
500 |aTitre de départ.
500 |a« Janvier 2018. »
520 |a« L’installation préclinique in vivo tire parti de l’expertise du CNRC en biologie cellulaire et moléculaire, chimie, nanotechnologie, informatique et imagerie scientifique pour évaluer les produits biologiques et les vaccins dans divers modèles pathologiques et de provocation. Notre expertise et notre équipement à la fine pointe de la technologie permettent à nos clients de valider leurs approches en matière de conception et d’obtenir un portrait clair de la sécurité et de l’efficacité préclinique de leurs produits » -- P. [1].
530 |aÉgalement publ. en version imprimée.
693 4|aBiotechnologie pharmaceutique
77508|tPreclinical in vivo facility |w(CaOODSP)9.848199
7760#|tInstallation préclinique in vivo |w(CaOODSP)9.848202
85640|qPDF|s154 Ko|uhttps://publications.gc.ca/collections/collection_2018/cnrc-nrc/NR16-188-2017-fra.pdf